Williams on TV Quiz Stats

 Plays Quiz Updated Jul 1, 2020

Support Sporcle.
Go Orange.
Score 0/20 Timer 04:00
0 Plays Today
% Correct
Will Smith
97.4%
Groundskeeper Willie
96.3%
Will Truman
91.3%
William T. Riker
87.3%
Bill Compton
83.7%
'Wild Bill' Hickok
80.1%
Will Byers
80.1%
Bill McNeal
79.5%
Bill Hawks
78.9%
Willie Tanner
74.8%
% Correct
Will Robinson
74.3%
William O. Gillespie
72.9%
Will Graham
71.3%
Bill Henrickson
70.5%
Billy Cranston
69.7%
William MacDonald
69.2%
William
68%
William Adama
62.8%
Billy Hargrove
57%
Bill Potts
43.8%

You're not logged in!

Compare scores with friends on all Sporcle quizzes.
OR
Log In

From the Vault

Pearl Jam Albums

by weizenugb

Seattle grunge at its finest.
Remove Ads.
Support Sporcle.
Get the best of Sporcle when you Go Orange. This ad-free experience offers more features, more stats, and more fun while also helping to support Sporcle. Thank you for becoming a member.

Show Comments

Extras

Top Quizzes Today


Score Distribution

Your Account Isn't Verified!

In order to create a playlist on Sporcle, you need to verify the email address you used during registration. Go to your Sporcle Settings to finish the process.

Report this User

Report this user for behavior that violates our Community Guidelines.

Details: